• 首页
  • 本馆介绍
  • 公告通知
  • 最新文献
  • 馆藏检索
  • 电子资源
  • 读者导购
  • 参考咨询
  • 我的图书馆
  • 登录
  • 详细信息显示
  • 放入我的书架
  • 预约/预借图书
  • 作者相关作品
  • 分类相关作品
  • 丛书相关作品
  • 出版社相关作品

书目信息

  • 表格格式
  • 工作单格式
  • 卡片格式
题名:
线性系统理论
    
 
作者: 段广仁 编著
分册: 下册  
出版信息: 北京   科学出版社  2016.6
页数: 14,264页
开本: 24cm
丛书名:
单 册:
中图分类: O231.1
科图分类:
主题词: 线性系统理论
电子资源:
ISBN: 978-7-03-048686-8
000 00869nam0 2200253 450
001 0400003717
005 20171025150755.26
010    @a978-7-03-048686-8@dCNY98.00
100    @a20161019e2016 em y0chiy50 ea
101 0  @achi
102    @aCN@b110000
105    @aa z 001yy
106    @ar
200 1  @a线性系统理论@9xian xing xi tong li lun@h下册@f段广仁编著
205    @a第3版
210    @a北京@c科学出版社@d2016.6
215    @a14,264页@c彩照@d24cm
300    @a国家出版基金项目 信息化与工业化两化融合研究与应用
330    @a本书系统地阐述了以状态空间方法为主的线性系统的时间域理论,内容包括:极点配置与特征结构配置、镇定问题与渐近跟踪问题、线性二次型最优控制、线性系统中的解耦问题等。
606 0  @a线性系统理论
690    @aO231.1@v5
701  0 @a段广仁@9duan guang ren@4编著
801  0 @aCN@b91MARC@c20171022
905    @b1023020-4@dO231.1@f5@e62:2=3
    
    线性系统理论.下册/段广仁编著.-第3版.-北京:科学出版社,2016.6
    14,264页:彩照;24cm
    国家出版基金项目 信息化与工业化两化融合研究与应用
    
    ISBN 978-7-03-048686-8:CNY98.00
    本书系统地阐述了以状态空间方法为主的线性系统的时间域理论,内容包括:极点配置与特征结构配置、镇定问题与渐近跟踪问题、线性二次型最优控制、线性系统中的解耦问题等。
●
相关链接 在E读中查询图书 在五车中查询图书 在当当中查询图书 在豆瓣中查询图书


正题名:线性系统理论     索取号:O231.1/62:2=3         预约/预借

序号 登录号 条形码 馆藏地/架位号 状态 备注
1 1023020   210230207   第二样本阅览室/ [索取号:O231.1/62:2=3] 在馆    
2 1023021   210230212   数信系资料室/ [索取号:O231.1/62:2=3] 在馆    
3 1023022   210230221   第三借阅区/ [索取号:O231.1/62:2=3] 在馆    
4 1023023   210230230   第三借阅区/ [索取号:O231.1/62:2=3] 在馆    
5 1023024   210230249   第三借阅区/ [索取号:O231.1/62:2=3] 在馆    
唐山师范学院图书馆 欢迎您!
大连网信软件有限公司© 版权所有